| Tag |
First Indicator |
Second Indicator |
Subfields |
| LEADER |
00000cam a22000001a 4500 |
| 001 |
in00003192721 |
| 006 |
m d f |
| 007 |
cr bn mmmapmmp |
| 008 |
090922s1977 dcua o f000 0 eng d |
| 005 |
20260504205409.4 |
| 035 |
|
|
|a cis2007442647
|
| 040 |
|
|
|a UMI
|c UMI
|d UtOrBLW
|
| 043 |
|
|
|a n-us---
|
| 074 |
|
|
|a 1032-B
|
| 086 |
0 |
|
|a Y 4.Ag 8/3:F 22/977-4/bk.1-2
|
| 099 |
|
|
|a HRG-1977-ANF-0019
|
| 099 |
|
|
|a HRG-1977-ANF-0020
|
| 110 |
1 |
|
|a United States.
|b Congress.
|b Senate.
|b Committee on Agriculture, Nutrition, and Forestry.
|
| 245 |
1 |
0 |
|a General farm and food legislation :
|b hearings before the Committee on Agriculture, Nutrition, and Forestry, United States Senate, Ninety-fifth Congress, first session, on S. 203 ... and S. 275 ...
|
| 264 |
|
1 |
|a Washington :
|b U.S. Govt. Print. Off,
|c 1977.
|
| 300 |
|
|
|a 1 online resource.
|
| 336 |
|
|
|a text
|b txt
|2 rdacontent
|
| 337 |
|
|
|a computer
|b c
|2 rdamedia
|
| 338 |
|
|
|a online resource
|b cr
|2 rdacarrier
|
| 500 |
|
|
|a Record is based on bibliographic data in ProQuest Congressional Hearings Digital Collection. Reuse except for individual research requires license from ProQuest, LLC.
|
| 538 |
|
|
|a System requirements: PDF reader software.
|
| 500 |
|
|
|a Electronic resource.
|
| 650 |
|
0 |
|a Agricultural laws and legislation
|z United States.
|
| 650 |
|
0 |
|a Food law and legislation
|z United States.
|
| 655 |
|
7 |
|a Electronic books.
|2 local
|
| 710 |
2 |
|
|a ProQuest (Firm)
|
| 776 |
0 |
8 |
|i Print version:
|a United States. Congress. Senate. Committee on Agriculture, Nutrition, and Forestry.
|t General farm and food legislation
|w (OCoLC)03128878
|w gp 77014141
|
| 776 |
0 |
8 |
|i Microfiche version:
|a United States. Congress. Senate. Committee on Agriculture, Nutrition, and Forestry.
|t General farm and food legislation.
|d [Bethesda, Md.] : ProQuest,[2004]
|o CIS 77 S161-19 (bk.1)
|o CIS 77 S161-20 (bk.2)
|w (ProQuest)cis07702039
|
| 830 |
|
0 |
|a U.S. Congressional Hearings.
|
| 856 |
4 |
0 |
|u http://proxy.library.tamu.edu/login?url=https://congressional.proquest.com/congcomp/getdoc?HEARING-ID=HRG-1977-ANF-0019
|z Connect to the full text of this electronic book
|t 0
|
| 856 |
4 |
0 |
|u http://proxy.library.tamu.edu/login?url=https://congressional.proquest.com/congcomp/getdoc?HEARING-ID=HRG-1977-ANF-0020
|z Connect to the full text of this electronic book
|t 0
|
| 998 |
|
|
|a cis07702039
|
| 999 |
|
|
|a MARS
|
| 999 |
f |
f |
|s ed678df4-515d-3c3f-addf-6feef6404ade
|i 522b8eb8-2239-3255-915e-cb497c393ebd
|t 0
|
| 952 |
f |
f |
|a Texas A&M University
|b College Station
|c Electronic Resources
|s www_evans
|d Available Online
|t 0
|e HRG-1977-ANF-0020
|h Other scheme
|
| 998 |
f |
f |
|a HRG-1977-ANF-0020
|t 0
|l Available Online
|